The spirit of Cairo /

محفوظ في:

المؤلف الرئيسي: Meunier, Pascal (مؤلف)

مؤلفون آخرون: Gandossi, Eve.

التنسيق: كتاب

اللغة: English

منشور في: Cairo : Farid Atiya Press, 2007.

الطبعة: 1st ed.

الموضوعات:

الوسوم: إضافة وسم

لا توجد وسوم, كن أول من يضع وسما على هذه التسجيلة!

رقم الطلب: DT144.3 .M48 2007

LEADER 00950namaa2200277 4500
001 17432
003 OSt
005 20220309063731.0
008 130303s2007 ua ao g 000 0 eng d
952 |0 0  |1 0  |2 lcc  |4 0  |6 DT01443 M48 02007  |7 1  |9 38177  |a ARCE  |b ARCE  |d 2022-03-09  |l 0  |o DT144.3 .M48 2007  |p 1006121  |r 2022-03-09 00:00:00  |w 2022-03-09  |y BK 
999 |c 17605  |d 17605 
020 |a 9771749285 
040 |c ARCE Library 
043 |a f-ua---  
050 4 |a DT144.3 .M48 2007 
100 1 |a Meunier, Pascal,  |e author 
245 1 4 |a The spirit of Cairo /   |c photographs by Pascal Meunier ; text by Eve Gandossi. 
250 |a 1st ed. 
264 1 |a Cairo :   |b Farid Atiya Press,   |c 2007. 
300 |a 132 pages :   |b chiefly col. ill. ;   |c 27 cm. 
651 0 |a Cairo (Egypt)   |x Social life and customs   |v Pictorial works. 
651 0 |a Cairo (Egypt)   |v Pictorial works. 
700 1 |a Gandossi, Eve.  |9 30455 
900 |a OCLC 214304098 
901 |a reviewed 
942 |c BK  |2 lcc